000 01381cam a2200373 i 4500
001 2771647
003 OSt
005 20260429092248.0
008 800521s1981 nyua 001 0 eng
010 _a 80017197
020 _a0070023549
_c$32.50
035 _a2771647
040 _aDLC
_cFoundation University
050 0 0 _aNA 2850
_b.I57 1981
245 0 0 _aInterior spaces designed by architects.
250 _a2d ed. /
_bedited by Charles K. Hoyt.
260 _aNew York :
_bMcGraw-Hill,
_cc1981.
264 _41981
300 _a213 p. :
_bill. (some col.) ;
_c32 cm.
_3books
_fbooks
336 _atext
_btxt
_2rdacontent
_3books
337 _aunmediated
_bn
_2rdamedia
_3books
338 _avolume
_bnc
_2rdacarrier
_3books
500 _aFirst ed. edited by B. F. Gordon.
500 _a"An Architectural record book."
500 _aArticles in this book were written by the editors of Architectural record.
500 _aIncludes index.
650 0 _aInterior architecture.
_92762
700 1 _aHoyt, Charles King.
_915706
700 1 _aGordon, Barclay F.,
_ecomp.
_tInterior spaces designed by architects.
_915707
730 0 _aArchitectural record.
_915708
906 _a7
_bcbc
_corignew
_du
_eocip
_f19
_gy-gencatlg
942 _2lcc
_cBK
_e2nd ed.
_h NA 2850
_i.1981 I57
_k(DAFA-Arch)
999 _c5817
_d5817